Catálogo
 En Linea

Enrique A. Laguerre y su obra "La resaca" : (Registro nro. 9326)

Detalles MARC
000 -CABECERA
campo de control de longitud fija 00669cam a2200193 a 4500
001 - NÚMERO DE CONTROL
campo de control 000009566
005 - FECHA Y HORA DE LA ÚLTIMA TRANSACCIÓN
campo de control 20200929161627.0
008 - DATOS DE LONGITUD FIJA--INFORMACIÓN GENERAL
campo de control de longitud fija 750515s1964 pr b 000 0 spa
040 ## - FUENTE DE LA CATALOGACIÓN
Centro catalogador/agencia de origen DO-SdBNP
Centro/agencia transcriptor PPT
Centro/agencia modificador OCoLC
-- CNE
-- DLC
050 00 - SIGNATURA TOPOGRÁFICA DE LA BIBLIOTECA DEL CONGRESO
Número de clasificación PQ7439.L3
Número de documento/Ítem R38
082 ## - NÚMERO DE LA CLASIFICACIÓN DECIMAL DEWEY
Número de clasificación nn
Número de documento/Ítem L181M
100 1# - ENTRADA PRINCIPAL--NOMBRE DE PERSONA
Nombre de persona Morfi, Angelina.
9 (RLIN) 24403
245 10 - MENCIÓN DE TÍTULO
Título Enrique A. Laguerre y su obra "La resaca" :
Resto del título cumbre en su arte de novelar.
260 ## - PUBLICACIÓN, DISTRIBUCIÓN, ETC.
Lugar de publicación, distribución, etc. San Juan, (Puerto Rico :
Nombre del editor, distribuidor, etc. Instituto de Cultura Puertorriqueña,
Fecha de publicación, distribución, etc. 1964.
300 ## - DESCRIPCIÓN FÍSICA
Extensión 194 p. ;
Dimensiones 23 cm.
504 ## - NOTA DE BIBLIOGRAFÍA, ETC.
Nota de bibliografía, etc. Bibliografía: p. [177]-189.
600 10 - PUNTO DE ACCESO ADICIONAL DE MATERIA--NOMBRE DE PERSONA
Nombre de persona Laguerre, Enrique A.
Título de la obra La resaca.
Fechas asociadas al nombre 1906-2005
9 (RLIN) 24404
910 ## - DATOS DE OPCIÓN DEL USUARIO (OCLC)
Datos de opción del usuario Catalogación por copia / LC
Existencias
Estado de retiro Estado de pérdida Restricciones de uso No para préstamo Código de colección Localización permanente Ubicación/localización actual Ubicación en estantería Fecha de adquisición Número de inventario Total de préstamos Signatura topográfica completa Código de barras Fecha visto por última vez Precio válido a partir de Tipo de ítem Koha
    Préstamo interno   Monografías: Libros y Folletos General General En catalogación 30.09.2009 LF1   nn L181M 9566-10 25.06.2020 25.06.2020 Préstamo interno

Con tecnología Koha